ARRUPE JESUIT UNIVERSITY

CORONAVIRUS -STOP THE SPREAD - CLEAN,DISINFECT,COVER

The Structuralist view of theories (Record no. 131118)

MARC details
000 -LEADER
fixed length control field 00580nam a22001697a 4500
008 - FIXED-LENGTH DATA ELEMENTS--GENERAL INFORMATION
fixed length control field 211105b ||||| |||| 00| 0 eng d
020 ## - INTERNATIONAL STANDARD BOOK NUMBER
International Standard Book Number 0387094601
050 ## - LIBRARY OF CONGRESS CALL NUMBER
Classification number Q175.S764
100 ## - MAIN ENTRY--PERSONAL NAME
Personal name Stegmuller, Wolfgang
9 (RLIN) 13668
245 ## - TITLE STATEMENT
Title The Structuralist view of theories
Remainder of title a possible analogue of the Bourbaki programme in physical Science
Statement of responsibility, etc /by Wolfgang Stegmuller
260 ## - PUBLICATION, DISTRIBUTION, ETC. (IMPRINT)
Place of publication, distribution, etc New York:
Name of publisher, distributor, etc Springer-Verlag
Date of publication, distribution, etc 1979.
300 ## - PHYSICAL DESCRIPTION
Extent vii, 101p.;
Dimensions 23cm.
650 ## - SUBJECT ADDED ENTRY--TOPICAL TERM
Topical term or geographic name as entry element Science
General subdivision Philosophy
650 ## - SUBJECT ADDED ENTRY--TOPICAL TERM
Topical term or geographic name as entry element Mathematics
General subdivision Philosophy
650 ## - SUBJECT ADDED ENTRY--TOPICAL TERM
Topical term or geographic name as entry element Structuralism
9 (RLIN) 8960
942 ## - ADDED ENTRY ELEMENTS (KOHA)
Source of classification or shelving scheme Library of Congress Classification
Item type Monograph ( Printed materials)
Holdings
Withdrawn status Lost status Source of classification or shelving scheme Damaged status Not for loan Collection code Home library Current library Shelving location Date acquired Total Checkouts Full call number Barcode Date last seen Copy number Price effective from Koha item type
    Library of Congress Classification     Main Collection ARRUPE LIBRARY ARRUPE LIBRARY Main Collection 05/11/2021   Q175.S764 46600007122 05/11/2021 1 05/11/2021 Monograph ( Printed materials)

 

Arrupe Library. PO Box MP320 Mt Pleasant, Harare, Zimbabwe
263 242 745411|librarian@aju.ac.zw